Statistics for DAMN. (Kendrick Lamar Album)

Click here to take the quiz!

General Stats

  • This quiz has been taken 20 times
  • The average score is 12 of 14

Answer Stats

No.Song% Correct
1BLOOD.
100%
2DNA.
93%
7PRIDE.
93%
8HUMBLE.
93%
9LUST.
93%
10LOVE. (ft. Zacari)
93%
12FEAR.
93%
4ELEMENT.
86%
6LOYALTY. (ft. Rihanna)
86%
11XXX.
86%
13GOD.
86%
14DUCKWORTH.
86%
3YAH.
79%
5FEEL.
71%

Score Distribution

Percentile by Number Answered

Percent of People with Each Score

Your Score History

You have not taken this quiz